LEADER 00941cam0 22002893 450 001 SON0002874 005 20230328095121.0 010 $a2711602877 100 $a20040211d1998 |||||ita|0103 ba 101 $aita 102 $aIT 200 1 $aIntroduction aux arts du beau$fÉtienne Gilson 205 $a2a ed. 210 $aParis$cLibrairie Philosophique J.Vrin$d1998 215 $a216 p.$d22 cm 225 2 $aEssais d'art et de philosophie 410 1$1001LAEC00015824$12001 $a*Essais d'art et de philosophie 700 1$aGilson$b, Étienne$3AF00004689$4070$0385532 801 0$aIT$bUNISOB$c20230328$gRICA 850 $aUNISOB 852 $aUNISOB$j100$m103521 912 $aSON0002874 940 $aM 102 Monografia moderna SBN 941 $aM 957 $a100$b009987$gSI$d103521$racquisto$1carrano$2UNISOB$3UNISOB$420120210120302.0$520120210120431.0$6carrano 996 $aIntroduction aux arts du beau$9477995 997 $aUNISOB